Obras completas. (Record no. 114544)

MARC details
000 -LEADER
campo de control de longitud fija 00844nam a2200229 i 4500
001 - NÚMERO DE CONTROL
campo de control 114544
003 - IDENTIFICADOR DE NÚMERO DE CONTROL
campo de control ES-MaACL
007 - CAMPO FIJO DE DESCRIPCIÓN FÍSICA--INFORMACIÓN GENERAL
campo de control de longitud fija t|
008 - DATOS DE LONGITUD FIJA--INFORMACIÓN GENERAL
campo de control de longitud fija 070308s1996 sp ||||1| spa d
020 ## - NÚMERO INTERNACIONAL ESTÁNDAR DEL LIBRO
Número Internacional Estándar del Libro 84-7719-554-4
080 ## - NÚMERO DE LA CLASIFICACIÓN DECIMAL UNIVERSAL
Número de la Clasificación Decimal Universal 081 Falcó, Jaime Juan
100 1# - ENTRADA PRINCIPAL--NOMBRE DE PERSONA
Nombre de persona Falcó, Jaime Juan.
9 (RLIN) 48697
245 10 - MENCIÓN DEL TÍTULO
Título Obras completas.
Número de parte o sección de la obra , . Volumen 1,
Nombre de parte o sección de la obra Obra poética /
Mención de responsabilidad, etc. Jaime Juan Falcó ; edición crítica, traducción, notas y estudio introductorio, Daniel López-Cañete Quiles.
260 ## - PUBLICACIÓN, DISTRIBUCIÓN, ETC.
Lugar de publicación, distribución, etc. León :
Nombre del editor, distribuidor, etc. Universidad de León,
Fecha de publicación, distribución, etc. 1996.
300 ## - DESCRIPCIÓN FÍSICA
Extensión CLXXXI, 328 p. ;
Dimensiones 25 cm.
490 1# - MENCIÓN DE SERIE
Mención de serie Humanistas españoles ;
Designación de volumen o secuencia 13
500 ## - NOTA GENERAL
Nota general Texto en latín y traducción en español.
700 1# - ENTRADA AGREGADA--NOMBRE PERSONAL
Nombre de persona López-Cañete Quiles, Daniel.
9 (RLIN) 73492
830 0# - PUNTO DE ACCESO ADICIONAL DE SERIE-TÍTULO UNIFORME
Título uniforme Humanistas españoles ;
Designación de volumen o secuencia 13
9 (RLIN) 184216
852 ## - LOCALIZACIÓN
Ubicación ES-MaACL
Número de control de estantería G-4434
Sublocalización o colección R.129668
Holdings
Estatus retirado Estado de pérdida Estado de daño No para préstamo Biblioteca de origen Biblioteca actual Ubicación en estantería Fecha de adquisición Fuente de adquisición Total de préstamos Signatura topográfica completa Código de barras Visto por última vez Precio de reemplazo Tipo de ítem Koha
        Biblioteca del Ateneo de Madrid Biblioteca del Ateneo de Madrid Depósito 2 17/01/2008     G-4434 1119453 23/02/2023 23/02/2023 Libro impreso